Sports Quiz

Random Sports or Basketball Quiz

NBA Single Playoffs Leaders by Team Quiz Stats

 Plays Quiz Updated Oct 12, 2016

Challenge
Share
Tweet
Embed
Score 0/150 Timer 12:00
21 Plays Today
Hint Answer % Correct
Chicago BullsMichael Jordan
96.7%
Cleveland CavaliersLeBron James
96.3%
Cleveland CavaliersLeBron James
96.3%
Cleveland CavaliersLeBron James
96.3%
Miami HeatLeBron James
96.3%
Miami HeatLeBron James
96.3%
Los Angeles ClippersDeAndre Jordan
92.5%
Los Angeles LakersShaquille O'Neal
91.9%
Los Angeles LakersShaquille O'Neal
91.9%
Miami HeatShaquille O'Neal
91.9%
Orlando MagicShaquille O'Neal
91.9%
Boston CelticsLarry Bird
91.8%
Boston CelticsLarry Bird
91.8%
Oklahoma City ThunderKevin Durant
91.8%
San Antonio SpursTim Duncan
91.3%
San Antonio SpursTim Duncan
91.3%
San Antonio SpursTim Duncan
91.3%
Los Angeles LakersMagic Johnson
90.1%
Los Angeles LakersMagic Johnson
90.1%
Los Angeles ClippersDeAndre Jordan
89.9%
Minnesota TimberwolvesKevin Garnett
89.6%
Minnesota TimberwolvesKevin Garnett
89.6%
Minnesota TimberwolvesKevin Garnett
89.6%
Minnesota TimberwolvesKevin Garnett
89.6%
Chicago BullsScottie Pippen
89.4%
Chicago BullsScottie Pippen
89.4%
Utah JazzKarl Malone
88%
Utah JazzKarl Malone
88%
New Orleans PelicansDavid West
87.9%
Houston RocketsMoses Malone
87.7%
Dallas MavericksDirk Nowitzki
86.5%
Dallas MavericksDirk Nowitzki
86.5%
Oklahoma City ThunderRussell Westbrook
86.1%
Los Angeles ClippersChris Paul
85%
Los Angeles ClippersChris Paul
85%
New Orleans PelicansChris Paul
85%
New Orleans PelicansChris Paul
85%
Philadelphia 76ersAllen Iverson
85%
Philadelphia 76ersAllen Iverson
85%
Utah JazzJohn Stockton
84.3%
Utah JazzJohn Stockton
84.3%
Houston RocketsHakeem Olajuwon
84.2%
Houston RocketsHakeem Olajuwon
84.2%
Brooklyn NetsJason Kidd
83.9%
Brooklyn NetsJason Kidd
83.9%
Brooklyn NetsJason Kidd
83.9%
Dallas MavericksJason Kidd
83.9%
Dallas MavericksJason Kidd
83.9%
Detroit PistonsIsiah Thomas
83.4%
Detroit PistonsIsiah Thomas
83.4%
Hint Answer % Correct
Detroit PistonsIsiah Thomas
83.4%
New Orleans PelicansChris Paul
83.4%
Denver NuggetsCarmelo Anthony
82.8%
Denver NuggetsCarmelo Anthony
82.8%
New York KnicksPatrick Ewing
82.1%
New York KnicksPatrick Ewing
82.1%
New York KnicksPatrick Ewing
82.1%
Indiana PacersReggie Miller
81.9%
Milwaukee BucksKareem Abdul-Jabbar
81.7%
Milwaukee BucksKareem Abdul-Jabbar
81.7%
Milwaukee BucksKareem Abdul-Jabbar
81.4%
Phoenix SunsOliver Miller
81.4%
Memphis GrizzliesMarc Gasol
80.8%
Chicago BullsDennis Rodman
80.5%
Atlanta HawksDominique Wilkins
79.8%
Boston CelticsBill Russell
79.3%
Los Angeles LakersWilt Chamberlain
78.9%
Philadelphia 76ersWilt Chamberlain
78.9%
Oklahoma City ThunderRussell Westbrook
78.7%
Phoenix SunsSteve Nash
78.6%
Golden State WarriorsStephen Curry
77.1%
Cleveland CavaliersLeBron James
75.7%
Toronto RaptorsDeMar DeRozan
75.5%
Miami HeatDwyane Wade
75.1%
Portland Trail BlazersClyde Drexler
74.1%
Portland Trail BlazersClyde Drexler
74.1%
Toronto RaptorsKyle Lowry
73.4%
Golden State WarriorsDraymond Green
73.1%
Phoenix SunsCharles Barkley & Gar Heard
72.5%
Phoenix SunsCharles Barkley
72.5%
Phoenix SunsCharles Barkley
72.5%
Orlando MagicDwight Howard
71.3%
Orlando MagicDwight Howard
71.3%
Indiana PacersDale Davis
69.7%
Detroit PistonsBen Wallace
69.1%
Detroit PistonsBen Wallace
69.1%
Charlotte HornetsBaron Davis
68.8%
Charlotte HornetsBaron Davis
68.8%
Los Angeles ClippersBlake Griffin
68.4%
San Antonio SpursManu Ginobili
66.4%
Memphis GrizzliesTony Allen
66.3%
Sacramento KingsChris Webber
65.9%
Orlando MagicPenny Hardaway
65.7%
Orlando MagicPenny Hardaway
65.7%
Milwaukee BucksOscar Robertson
63.8%
Sacramento KingsOscar Robertson
63.8%
Sacramento KingsOscar Robertson
63.8%
Memphis GrizzliesMike Conley
63%
Memphis GrizzliesZach Randolph
61.9%
Memphis GrizzliesZach Randolph
61.9%
Hint Answer % Correct
Charlotte HornetsAlonzo Mourning
61.6%
Atlanta HawksDikembe Mutombo
59.9%
Denver NuggetsDikembe Mutombo
59.9%
Denver NuggetsDikembe Mutombo
59.9%
Philadelphia 76ersDikembe Mutombo
59.9%
Miami HeatAlonzo Mourning
59.8%
Boston CelticsRajon Rondo
59.4%
Boston CelticsRobert Parish
58.1%
Oklahoma City ThunderSerge Ibaka
54.6%
Indiana PacersMark Jackson
51.2%
Golden State WarriorsDraymond Green
51.1%
Denver NuggetsChauncey Billups
46.8%
Golden State WarriorsRick Barry
45%
Indiana PacersPaul George
44.9%
Portland Trail BlazersBill Walton
44.4%
Portland Trail BlazersBill Walton
44.4%
Toronto RaptorsKyle Lowry
43.3%
New Orleans PelicansTyson Chandler
42.8%
Chicago BullsHorace Grant
42.2%
New York KnicksWalt Frazier
41.1%
Washington WizardsWes Unseld
40.4%
Washington WizardsElvin Hayes
37.7%
Washington WizardsElvin Hayes
37.7%
Washington WizardsElvin Hayes
37.7%
Atlanta HawksDoc Rivers & Paul Millsap
37.2%
Atlanta HawksBob Pettit
36.7%
Toronto RaptorsBismack Biyombo
35.5%
Toronto RaptorsBismack Biyombo
35.5%
Brooklyn NetsKenyon Martin
32.3%
Brooklyn NetsKenyon Martin
32.3%
Atlanta HawksDoc Rivers
29.5%
Portland Trail BlazersTerry Porter
29.5%
Washington WizardsKevin Porter
29.4%
Minnesota TimberwolvesLatrell Sprewell
28.1%
Philadelphia 76ersMaurice Cheeks
27.7%
Indiana PacersRoy Hibbert
24.5%
Charlotte HornetsP.J. Brown
20.9%
Charlotte HornetsJamal Mashburn
18.3%
Utah JazzGreg Ostertag
17.9%
Golden State WarriorsNate Thurmond
16.7%
Sacramento KingsDoug Christie
15.9%
New York KnicksDerek Harper
15.2%
Cleveland CavaliersLarry Nance
14.3%
Houston RocketsRobert Reid
4.3%
Houston RocketsRobert Reid
4.3%
San Antonio SpursJohnny Moore
3.7%
Dallas MavericksRaef LaFrentz
2.2%
Oklahoma City ThunderMarvin Webster
1.4%
Milwaukee BucksCraig Hodges
0.9%
Sacramento KingsArnie Risen
0.8%

You're not logged in!

Compare scores with friends on all Sporcle quizzes.
Join for Free
OR
Log In

You Might Also Like...

Show Comments

Extras

Top Quizzes Today


Score Distribution

Your Account Isn't Verified!

In order to create a playlist on Sporcle, you need to verify the email address you used during registration. Go to your Sporcle Settings to finish the process.

Report this User

Report this user for behavior that violates our Community Guidelines.

Details: